El proceso de la maduración en el hombre: fundamentos de una pedagogía
-д хадгалсан:
| Үндсэн зохиолч: | |
|---|---|
| Формат: | Ном |
| Хэл сонгох: | испани |
| Хэвлэсэн: |
Barcelona
Herder
1973
|
| Нөхцлүүд: | |
| Шошгууд: |
Шошго нэмэх
Шошго байхгүй, Энэхүү баримтыг шошголох эхний хүн болох!
|
MARC
| LEADER | 00000nam a2200000 a 4500 | ||
|---|---|---|---|
| 001 | UCZ7940 | ||
| 003 | CL-VaPUC | ||
| 008 | 960112e19730000SP |||||||||||||||||spa|d | ||
| 082 | 0 | 4 | |a 370.15 |b PRO |2 21 |
| 100 | 0 | |a Prohaska, Leopold |e author |9 352975 | |
| 245 | 1 | 3 | |a El proceso de la maduración en el hombre: fundamentos de una pedagogía |
| 300 | |a 304 p | ||
| 942 | |c BK | ||
| 945 | |d 19960112 00:00:00 |a cmena | ||
| 260 | |a Barcelona |b Herder |c 1973 | ||
| 650 | 0 | |a Psicología educacional |9 307830 | |
| 650 | 0 | |a Desarrollo individual |9 307875 | |
| 650 | 0 | |a Conciencia |9 309452 | |
| 650 | 0 | |a Desarrollo mental |9 313003 | |
| 650 | 7 | |a DESARROLLO FISIOLOGICO |2 CL-VaPUC |9 312423 | |
| 650 | 0 | |a Sexo |9 257818 | |
| 650 | 0 | |a Cristianismo |9 257361 | |
| 583 | |a last modification |c 19960112 00:00:00 |k Rodrigo Vera | ||
| 999 | |c 243913 |d 243911 | ||
| 952 | |0 0 |1 0 |4 0 |6 370_150000000000000_PRO_1973 |7 0 |8 A |9 257780 |a BIBEDU |b BIBEDU |d 2019-11-19 |i 1612921 |l 1 |o 370.15 PRO 1973 |p 1612921 |r 2023-11-15 |s 2023-11-08 |w 2019-11-19 |y BK |k EDU | ||